<?xml version="1.0" encoding="UTF-8"?>
<collection xmlns="http://www.loc.gov/MARC21/slim">
 <record>
  <leader>02422nam a2200361 a 4500</leader>
  <controlfield tag="001">8933</controlfield>
  <controlfield tag="003">BD-DhAAL</controlfield>
  <controlfield tag="008">090428s2002    maua     b    001 0 eng d</controlfield>
  <datafield tag="999" ind1=" " ind2=" ">
   <subfield code="c">151</subfield>
   <subfield code="d">151</subfield>
  </datafield>
  <datafield tag="010" ind1=" " ind2=" ">
   <subfield code="a">\\\85015647 </subfield>
  </datafield>
  <datafield tag="020" ind1=" " ind2=" ">
   <subfield code="a">0201100886 :</subfield>
   <subfield code="c">$30.00</subfield>
   <subfield code="a">9812358854</subfield>
  </datafield>
  <datafield tag="040" ind1=" " ind2=" ">
   <subfield code="a">DLC</subfield>
   <subfield code="c">DLC</subfield>
   <subfield code="d">DLC</subfield>
   <subfield code="d">BD-DhAAL</subfield>
  </datafield>
  <datafield tag="082" ind1="0" ind2="0">
   <subfield code="a">005.453</subfield>
   <subfield code="2">19</subfield>
  </datafield>
  <datafield tag="100" ind1="1" ind2=" ">
   <subfield code="a">Aho, Alfred V.</subfield>
   <subfield code="9">944</subfield>
  </datafield>
  <datafield tag="245" ind1="1" ind2="0">
   <subfield code="a">Compilers, principles, techniques, and tools /</subfield>
   <subfield code="c">Alfred V. Aho, Ravi Sethi, Jeffrey D. Ullman.</subfield>
  </datafield>
  <datafield tag="260" ind1=" " ind2=" ">
   <subfield code="a">Reading, Mass. :</subfield>
   <subfield code="b">Addison-Wesley Pub. Co.,</subfield>
   <subfield code="c">c2002.</subfield>
  </datafield>
  <datafield tag="300" ind1=" " ind2=" ">
   <subfield code="a">x, 796 pages :</subfield>
   <subfield code="b">illustrations ;</subfield>
   <subfield code="c">24 cm.</subfield>
  </datafield>
  <datafield tag="500" ind1=" " ind2=" ">
   <subfield code="a">Includes index.</subfield>
  </datafield>
  <datafield tag="504" ind1=" " ind2=" ">
   <subfield code="a">Includes bibliographical references [752]-779 and index.</subfield>
  </datafield>
  <datafield tag="541" ind1=" " ind2=" ">
   <subfield code="e">8938</subfield>
  </datafield>
  <datafield tag="650" ind1=" " ind2="0">
   <subfield code="a">Compilers (Computer programs)</subfield>
   <subfield code="9">807</subfield>
  </datafield>
  <datafield tag="700" ind1="1" ind2=" ">
   <subfield code="a">Sethi, Ravi.</subfield>
   <subfield code="9">945</subfield>
  </datafield>
  <datafield tag="700" ind1="1" ind2=" ">
   <subfield code="a">Ullman, Jeffrey D.,</subfield>
   <subfield code="d">1942-</subfield>
   <subfield code="9">946</subfield>
  </datafield>
  <datafield tag="852" ind1=" " ind2=" ">
   <subfield code="a">Ayesha Abed Library</subfield>
   <subfield code="c">General Stacks</subfield>
  </datafield>
  <datafield tag="942" ind1=" " ind2=" ">
   <subfield code="2">ddc</subfield>
   <subfield code="c">BK</subfield>
   <subfield code="0">5</subfield>
  </datafield>
  <datafield tag="952" ind1=" " ind2=" ">
   <subfield code="0">0</subfield>
   <subfield code="1">0</subfield>
   <subfield code="2">ddc</subfield>
   <subfield code="4">0</subfield>
   <subfield code="6">005_453000000000000_AHO</subfield>
   <subfield code="7">0</subfield>
   <subfield code="9">139</subfield>
   <subfield code="a">BRACUL</subfield>
   <subfield code="b">BRACUL</subfield>
   <subfield code="c">GEN</subfield>
   <subfield code="d">2009-04-28</subfield>
   <subfield code="g">0.00</subfield>
   <subfield code="l">18</subfield>
   <subfield code="m">211</subfield>
   <subfield code="o">005.453 AHO</subfield>
   <subfield code="p">3010008938</subfield>
   <subfield code="r">2025-01-19</subfield>
   <subfield code="s">2024-10-02</subfield>
   <subfield code="t">4</subfield>
   <subfield code="w">2009-04-28</subfield>
   <subfield code="y">BK</subfield>
   <subfield code="x">No price found in the accession register.</subfield>
  </datafield>
  <datafield tag="952" ind1=" " ind2=" ">
   <subfield code="0">0</subfield>
   <subfield code="1">0</subfield>
   <subfield code="2">ddc</subfield>
   <subfield code="4">0</subfield>
   <subfield code="6">005_453000000000000_AHO</subfield>
   <subfield code="7">0</subfield>
   <subfield code="9">13893</subfield>
   <subfield code="a">BRACUL</subfield>
   <subfield code="b">BRACUL</subfield>
   <subfield code="c">GEN</subfield>
   <subfield code="d">2011-01-15</subfield>
   <subfield code="l">19</subfield>
   <subfield code="m">247</subfield>
   <subfield code="o">005.453 AHO</subfield>
   <subfield code="p">3010008935</subfield>
   <subfield code="r">2026-01-14</subfield>
   <subfield code="s">2025-10-20</subfield>
   <subfield code="t">3</subfield>
   <subfield code="w">2011-01-15</subfield>
   <subfield code="y">BK</subfield>
  </datafield>
  <datafield tag="952" ind1=" " ind2=" ">
   <subfield code="0">0</subfield>
   <subfield code="1">0</subfield>
   <subfield code="2">ddc</subfield>
   <subfield code="4">0</subfield>
   <subfield code="6">005_453000000000000_AHO</subfield>
   <subfield code="7">0</subfield>
   <subfield code="9">13894</subfield>
   <subfield code="a">BRACUL</subfield>
   <subfield code="b">BRACUL</subfield>
   <subfield code="c">GEN</subfield>
   <subfield code="d">2011-01-15</subfield>
   <subfield code="l">12</subfield>
   <subfield code="m">152</subfield>
   <subfield code="o">005.453 AHO</subfield>
   <subfield code="p">3010008942</subfield>
   <subfield code="r">2020-01-28</subfield>
   <subfield code="s">2020-01-26</subfield>
   <subfield code="t">7</subfield>
   <subfield code="w">2011-01-15</subfield>
   <subfield code="y">BK</subfield>
  </datafield>
  <datafield tag="952" ind1=" " ind2=" ">
   <subfield code="0">0</subfield>
   <subfield code="1">0</subfield>
   <subfield code="2">ddc</subfield>
   <subfield code="4">0</subfield>
   <subfield code="6">005_453000000000000_AHO</subfield>
   <subfield code="7">0</subfield>
   <subfield code="9">13895</subfield>
   <subfield code="a">BRACUL</subfield>
   <subfield code="b">BRACUL</subfield>
   <subfield code="c">GEN</subfield>
   <subfield code="d">2011-01-15</subfield>
   <subfield code="l">13</subfield>
   <subfield code="m">120</subfield>
   <subfield code="o">005.453 AHO</subfield>
   <subfield code="p">3010008941</subfield>
   <subfield code="r">2020-02-11</subfield>
   <subfield code="s">2019-09-16</subfield>
   <subfield code="t">6</subfield>
   <subfield code="w">2011-01-15</subfield>
   <subfield code="y">BK</subfield>
  </datafield>
  <datafield tag="952" ind1=" " ind2=" ">
   <subfield code="0">0</subfield>
   <subfield code="1">0</subfield>
   <subfield code="2">ddc</subfield>
   <subfield code="4">0</subfield>
   <subfield code="6">005_453000000000000_AHO</subfield>
   <subfield code="7">0</subfield>
   <subfield code="9">13896</subfield>
   <subfield code="a">BRACUL</subfield>
   <subfield code="b">BRACUL</subfield>
   <subfield code="c">GEN</subfield>
   <subfield code="d">2011-01-15</subfield>
   <subfield code="l">20</subfield>
   <subfield code="m">147</subfield>
   <subfield code="o">005.453 AHO</subfield>
   <subfield code="p">3010008934</subfield>
   <subfield code="r">2026-03-02</subfield>
   <subfield code="s">2026-02-02</subfield>
   <subfield code="t">2</subfield>
   <subfield code="w">2011-01-15</subfield>
   <subfield code="y">BK</subfield>
  </datafield>
  <datafield tag="952" ind1=" " ind2=" ">
   <subfield code="0">0</subfield>
   <subfield code="1">3</subfield>
   <subfield code="2">ddc</subfield>
   <subfield code="4">0</subfield>
   <subfield code="6">005_453000000000000_AHO</subfield>
   <subfield code="7">0</subfield>
   <subfield code="9">13897</subfield>
   <subfield code="a">BRACUL</subfield>
   <subfield code="b">BRACUL</subfield>
   <subfield code="c">GEN</subfield>
   <subfield code="d">2011-01-15</subfield>
   <subfield code="g">1461.00</subfield>
   <subfield code="l">19</subfield>
   <subfield code="m">174</subfield>
   <subfield code="o">005.453 AHO</subfield>
   <subfield code="p">3010008940</subfield>
   <subfield code="r">2024-12-10</subfield>
   <subfield code="s">2024-06-08</subfield>
   <subfield code="t">5</subfield>
   <subfield code="v">2922.00</subfield>
   <subfield code="w">2011-01-15</subfield>
   <subfield code="y">BK</subfield>
   <subfield code="x">Lost and Paid for the double price: Tk. 2922-/ (TRXID: 007416345417)</subfield>
  </datafield>
  <datafield tag="952" ind1=" " ind2=" ">
   <subfield code="0">0</subfield>
   <subfield code="1">0</subfield>
   <subfield code="2">ddc</subfield>
   <subfield code="4">0</subfield>
   <subfield code="6">005_453000000000000_AHO</subfield>
   <subfield code="7">0</subfield>
   <subfield code="9">17093</subfield>
   <subfield code="a">BRACUL</subfield>
   <subfield code="b">BRACUL</subfield>
   <subfield code="c">GEN</subfield>
   <subfield code="d">2011-06-04</subfield>
   <subfield code="l">18</subfield>
   <subfield code="m">213</subfield>
   <subfield code="o">005.453 AHO</subfield>
   <subfield code="p">3010008933</subfield>
   <subfield code="r">2026-05-16</subfield>
   <subfield code="s">2026-02-23</subfield>
   <subfield code="t">1</subfield>
   <subfield code="w">2011-06-04</subfield>
   <subfield code="y">BK</subfield>
  </datafield>
  <datafield tag="952" ind1=" " ind2=" ">
   <subfield code="0">0</subfield>
   <subfield code="1">0</subfield>
   <subfield code="2">ddc</subfield>
   <subfield code="4">0</subfield>
   <subfield code="6">005_453000000000000_AHO</subfield>
   <subfield code="7">0</subfield>
   <subfield code="9">22195</subfield>
   <subfield code="a">BRACUL</subfield>
   <subfield code="b">BRACUL</subfield>
   <subfield code="c">GEN</subfield>
   <subfield code="d">2013-04-21</subfield>
   <subfield code="l">24</subfield>
   <subfield code="m">236</subfield>
   <subfield code="o">005.453 AHO</subfield>
   <subfield code="p">3010010584</subfield>
   <subfield code="r">2026-01-06</subfield>
   <subfield code="s">2025-10-19</subfield>
   <subfield code="t">8</subfield>
   <subfield code="w">2013-04-21</subfield>
   <subfield code="y">BK</subfield>
  </datafield>
 </record>
</collection>
